000 00346nam a2200145Ia 4500
008 240624s9999 xx 000 0 und d
041 _aeng
082 _a302.20954 KUM
100 _aKUMAR KEVAL J
245 _aMASS COMMUNICATION IN INDIA
250 _a(3rd ed.)
260 _c2004
_aMumbai
_bJaico Publishing House
300 _a407
365 _cRS
999 _c740
_d740